<?xml version="1.0" encoding="UTF-8"?>
<record
    xmlns:xsi="http://www.w3.org/2001/XMLSchema-instance"
    xsi:schemaLocation="http://www.loc.gov/MARC21/slim http://www.loc.gov/standards/marcxml/schema/MARC21slim.xsd"
    xmlns="http://www.loc.gov/MARC21/slim">

  <leader>00518nam a2200133Ia 4500</leader>
  <controlfield tag="001">858</controlfield>
  <controlfield tag="008">241024s9999    xx            000 0 und d</controlfield>
  <datafield tag="082" ind1=" " ind2=" ">
    <subfield code="a">370/C336l</subfield>
  </datafield>
  <datafield tag="100" ind1=" " ind2=" ">
    <subfield code="a">Juan Casassus</subfield>
  </datafield>
  <datafield tag="245" ind1=" " ind2="0">
    <subfield code="a">Laboratorio latinoamericano de evaluaci&#xF3;n de la calidad de la Educaci&#xF3;n. primer Estudio Inaternacional Comparativo, Sobre lenguaje, matem&#xE9;ticas y factores asociados, para alumnos del tercer y cuarto grado de la educaci&#xF3;n b&#xE1;sica</subfield>
  </datafield>
  <datafield tag="260" ind1=" " ind2=" ">
    <subfield code="b">UNESCO</subfield>
    <subfield code="c">2000</subfield>
  </datafield>
  <datafield tag="901" ind1=" " ind2=" ">
    <subfield code="a">6/12/2010 4:34:36 p.m.</subfield>
  </datafield>
  <datafield tag="999" ind1=" " ind2=" ">
    <subfield code="c">10999</subfield>
    <subfield code="d">10999</subfield>
  </datafield>
</record>
